[Event "CRO-chT1B 31st"]
[Site "Veli Losinj"]
[Date "2023.10.18"]
[Round "8.56"]
[White "Golubovic, Erik"]
[Black "Brumen, Dinko"]
[Result "0-1"]
[WhiteElo "1934"]
[BlackElo "2288"]
[PlyCount "78"]
[EventDate "2023.10.11"]
[EventType "team-tourn"]
[EventRounds "9"]
[EventCountry "CRO"]
[SourceTitle "Mega2024 Update 01"]
[Source "Chessbase"]
[SourceDate "2023.11.12"]
[SourceVersion "1"]
[SourceVersionDate "2023.11.12"]
[SourceQuality "1"]
[WhiteTeam "Rijeka Rijeka"]
[BlackTeam "Zagreb Mladost"]
[WhiteTeamCountry "CRO"]
[BlackTeamCountry "CRO"]

1. d4 d5 2. c4 e6 3. Nf3 Nf6 4. g3 Be7 5. Bg2 0-0 6. 0-0 b6 7. cxd5 exd5 8. Nc3 Bb7 9. Bf4 c5 10. dxc5 bxc5 11. Ne5 Na6 12. Qa4 Qe8 13. Qc2 Rd8 14. Rad1 Bd6 15. Nd3 Qe7 16. Bxd6 Rxd6 17. Nf4 d4 18. Bxb7 Qxb7 19. Na4 Rc8 20. Qc4 Ng4 21. Qd3 Nxh2 22. Kxh2 Rh6+ 23. Nh3 Qd7 24. g4 Qxa4 25. g5 Rb6 26. Nf4 Qe8 27. Qf5 Rd8 28. Kg3 Qd7 29. Qb1 Qe7 30. Qf5 h6 31. gxh6 Rxh6 32. Rh1 Qd6 33. Rxh6 Qxh6 34. Rg1 Nc7 35. Qxc5 Qxf4+ 36. Kg2 Ne6 37. Qc2 Ng5 38. Kf1 g6 39. Qc6 Kg7 0-1

[Event "AUT-chT2W 2223"]
[Site "Austria"]
[Date "2023.04.22"]
[Round "10.5"]
[White "Brumen, Dinko"]
[Black "Fedorovsky, Michael"]
[Result "1/2-1/2"]
[WhiteElo "2299"]
[BlackElo "2412"]
[PlyCount "74"]
[EventDate "2022.09.23"]
[EventType "team-tourn"]
[EventRounds "11"]
[EventCountry "AUT"]
[SourceTitle "EXT 2024"]
[Source "ChessBase"]
[SourceDate "2023.10.10"]
[SourceVersion "1"]
[SourceVersionDate "2023.10.10"]
[SourceQuality "1"]
[WhiteTeam "Schwarzach"]
[BlackTeam "Jenbach II"]
[WhiteTeamCountry "AUT"]
[BlackTeamCountry "AUT"]

1. e4 c5 2. Nf3 Nc6 3. Bb5 g6 4. 0-0 Bg7 5. Re1 e5 6. Bxc6 bxc6 7. d3 d6 8. Bg5 f6 9. Be3 Nh6 10. h3 0-0 11. c3 f5 12. Bg5 Qc7 13. d4 exd4 14. cxd4 fxe4 15. Rxe4 Nf5 16. Nbd2 d5 17. Bf4 Qb7 18. Re1 Nxd4 19. Bd6 Bf5 20. Bxc5 Qxb2 21. Rc1 Nxf3+ 22. Nxf3 Rfe8 23. Qa4 Rxe1+ 24. Rxe1 Qb5 25. Qa3 Qd3 26. Qa4 Qb5 27. Qa3 Qd3 28. Qa4 Qb5 29. Qa3 Be4 30. Nd4 Qb7 31. f3 Bf5 32. Re7 Qb1+ 33. Kh2 Bf8 34. Rxa7 Qb8+ 35. Kg1 Qb1+ 36. Kh2 Qb8+ 37. Kg1 Qb1+ 1/2-1/2

[Event "SLO-chT 32nd"]
[Site "Ljubljana"]
[Date "2022.09.02"]
[Round "1.1"]
[White "Brumen, Dinko"]
[Black "Lenic, Luka"]
[Result "0-1"]
[WhiteElo "2299"]
[BlackElo "2633"]
[PlyCount "78"]
[EventDate "2022.09.02"]
[EventType "team-tourn"]
[EventRounds "9"]
[EventCountry "SLO"]
[SourceTitle "EXT 2023"]
[Source "ChessBase"]
[SourceDate "2022.10.05"]
[SourceVersion "1"]
[SourceVersionDate "2022.10.05"]
[SourceQuality "1"]
[WhiteTeam "Krsko Triglav"]
[BlackTeam "Ljubljana Tajfun"]
[WhiteTeamCountry "SLO"]
[BlackTeamCountry "SVK"]

1. d4 Nf6 2. Bg5 d5 3. e3 c5 4. Bxf6 gxf6 5. Nc3 cxd4 6. exd4 Bf5 7. Nge2 e6 8. Ng3 Bg6 9. h4 h6 10. h5 Bh7 11. Bd3 Nc6 12. Nce2 Qc7 13. c3 Bd6 14. a4 Bxd3 15. Qxd3 f5 16. Nf1 Ne7 17. Nd2 Ng8 18. c4 dxc4 19. Nxc4 Bb4+ 20. Kf1 Nf6 21. Ne5 Bd6 22. Qb5+ Ke7 23. a5 a6 24. Qb3 Ne4 25. Kg1 Bxe5 26. dxe5 Qxe5 27. Qxb7+ Kf6 28. Qb6 Rab8 29. Qxa6 Rxb2 30. Rf1 Nc5 31. Qc4 Rxe2 32. Rh3 Re4 33. Qc1 Rd4 34. Re1 Qd5 35. Qb2 Rg8 36. f4 Ke7 37. Re5 Rd1+ 38. Kh2 Rd2 39. Rxd5 Rxb2 0-1

[Event "CRO-chT1A 29th"]
[Site "Mali Losinj"]
[Date "2021.09.29"]
[Round "5.5"]
[White "Saric, Ante"]
[Black "Brumen, Dinko"]
[Result "1-0"]
[WhiteElo "2538"]
[BlackElo "2329"]
[PlyCount "81"]
[EventDate "2021.09.25"]
[EventType "team-tourn"]
[EventRounds "9"]
[EventCountry "CRO"]
[SourceTitle "CBM 204 Extra"]
[Source "ChessBase"]
[SourceDate "2021.11.30"]
[SourceVersion "1"]
[SourceVersionDate "2021.11.30"]
[SourceQuality "1"]
[WhiteTeam "Split Mornar"]
[BlackTeam "Zagreb Hask Mladost"]
[WhiteTeamCountry "CRO"]
[BlackTeamCountry "CRO"]

1. d4 Nf6 2. Nf3 d5 3. c4 e6 4. Nc3 Nbd7 5. Bf4 c6 6. e3 Be7 7. h3 0-0 8. Qc2 a6 9. Rd1 Qa5 10. Nd2 c5 11. Bd3 b5 12. Nb3 Qb6 13. dxc5 Nxc5 14. cxd5 Nxd3+ 15. Qxd3 exd5 16. Be5 Bb7 17. Bd4 Qd8 18. Nc5 Bxc5 19. Bxc5 Re8 20. 0-0 Ne4 21. Bd4 b4 22. Nxe4 dxe4 23. Qc4 a5 24. Bxg7 Ba6 25. Qc6 Qc8 26. Qh6 Re6 27. Bf6 Rxf6 28. Qxf6 Bxf1 29. Rxf1 Qc2 30. f3 Qd3 31. Qg5+ Kf8 32. Qc5+ Kg8 33. fxe4 Re8 34. Qg5+ Kf8 35. Qf6 Qc4 36. b3 Qe6 37. Qh8+ Ke7 38. Qxh7 a4 39. Qh4+ Kf8 40. Qh8+ Ke7 41. Qd4 1-0

[Event "CRO-chT1A 28th"]
[Site "Mali Losinj"]
[Date "2019.09.29"]
[Round "2.56"]
[White "Raguz, Darko"]
[Black "Brumen, Dinko"]
[Result "0-1"]
[WhiteElo "2087"]
[BlackElo "2317"]
[PlyCount "86"]
[EventDate "2019.09.28"]
[EventType "team-tourn"]
[EventRounds "9"]
[EventCountry "CRO"]
[SourceTitle "EXT 2020"]
[Source "ChessBase"]
[SourceDate "2019.10.17"]
[SourceVersion "1"]
[SourceVersionDate "2019.10.17"]
[SourceQuality "1"]
[WhiteTeam "Vukovar"]
[BlackTeam "Zagreb Hask Mladost"]
[WhiteTeamCountry "CRO"]
[BlackTeamCountry "CRO"]

1. e4 c5 2. Nf3 e6 3. c3 d5 4. exd5 Qxd5 5. Na3 Nf6 6. d4 Nc6 7. Nb5 Qd8 8. dxc5 Bxc5 9. Qxd8+ Kxd8 10. Bf4 Ne4 11. Rd1+ Ke7 12. Be3 Bxe3 13. fxe3 a6 14. Nbd4 Bd7 15. Bd3 Nc5 16. Bc2 b5 17. 0-0 f6 18. Rd2 e5 19. Nf5+ Bxf5 20. Bxf5 g6 21. Bc2 Rhd8 22. Rfd1 Rxd2 23. Rxd2 Rd8 24. Kf2 e4 25. Rxd8 Kxd8 26. Nd2 f5 27. b4 Nd7 28. Nb3 Nce5 29. Ke2 Kc7 30. Nd4 Nb6 31. Bb3 Kd6 32. h3 h6 33. h4 h5 34. Kf2 Nd5 35. Bxd5 Kxd5 36. Kg3 Nd3 37. Ne2 Kc4 38. Nf4 Nxf4 39. Kxf4 Kxc3 40. Kg5 Kd3 41. Kxg6 Kxe3 42. Kxf5 Kd3 43. g4 e3 0-1

[Event "SLO-chT 28th"]
[Site "Slovenia"]
[Date "2018.11.10"]
[Round "5.3"]
[White "Skuhala, Jernej"]
[Black "Brumen, Dinko"]
[Result "1/2-1/2"]
[WhiteElo "2282"]
[BlackElo "2324"]
[PlyCount "70"]
[EventDate "2018.11.02"]
[EventType "team-tourn"]
[EventRounds "9"]
[EventCountry "SLO"]
[SourceTitle "CBM 187 Extra"]
[Source "ChessBase"]
[SourceDate "2018.11.04"]
[SourceVersion "1"]
[SourceVersionDate "2018.11.04"]
[SourceQuality "1"]
[WhiteTeam "Pomgrad Radenska"]
[BlackTeam "Krsko Triglav"]
[WhiteTeamCountry "SLO"]
[BlackTeamCountry "SLO"]

1. d4 Nf6 2. Nf3 e6 3. g3 c5 4. c4 cxd4 5. Nxd4 Nc6 6. Nxc6 bxc6 7. Bg2 Bb4+ 8. Bd2 a5 9. 0-0 0-0 10. Bf4 Ba6 11. Qc2 Re8 12. c5 e5 13. Bg5 a4 14. Rd1 Qa5 15. Rc1 Qb5 16. Bxf6 gxf6 17. Bf1 e4 18. e3 Qb7 19. Bxa6 Rxa6 20. a3 Ba5 21. Nc3 Bxc3 22. Qxc3 Re5 23. Rd1 Qa7 24. Rac1 Ra5 25. Qd4 Rd5 26. Qxe4 Raxc5 27. Kg2 f5 28. Qe8+ Kg7 29. Qe7 Rxc1 30. Rxc1 Qa6 31. Qh4 h6 32. Rc4 Rd1 33. Qf4 d5 34. Qe5+ Kg6 35. Qd6+ Kh7 1/2-1/2

[Event "CRO Cup"]
[Site "Mali Losinj"]
[Date "2018.05.20"]
[Round "6.83"]
[White "Komljenovic, Tihomir"]
[Black "Brumen, Dinko"]
[Result "1/2-1/2"]
[WhiteElo "2041"]
[BlackElo "2319"]
[PlyCount "75"]
[EventDate "2018.05.16"]
[EventType "team-swiss"]
[EventRounds "6"]
[EventCountry "CRO"]
[SourceTitle "CBM 184 Extra"]
[Source "ChessBase"]
[SourceDate "2018.06.28"]
[SourceVersion "1"]
[SourceVersionDate "2018.06.28"]
[SourceQuality "1"]
[WhiteTeam "Sv Ivan Zabno"]
[BlackTeam "Zagreb Mladost"]
[WhiteTeamCountry "CRO"]
[BlackTeamCountry "CRO"]

1. e4 e6 2. d4 d5 3. exd5 exd5 4. Bd3 Bd6 5. Nf3 Ne7 6. 0-0 Nd7 7. Bg5 Nf8 8. Re1 Bg4 9. Nbd2 Ne6 10. Bxe7 Bxe7 11. c3 Qd6 12. Qc2 0-0-0 13. b4 Kb8 14. b5 Nf4 15. Bf5 h5 16. Ne5 Qf6 17. Bd3 Bd6 18. Bf1 Bxe5 19. Rxe5 h4 20. f3 Bc8 21. a4 Rhe8 22. Rae1 Rxe5 23. Rxe5 g5 24. h3 Qg7 25. Qb1 f5 26. Qd1 Qf8 27. Nb3 b6 28. a5 Qa3 29. axb6 axb6 30. Nc1 Rg8 31. Nd3 Nxd3 32. Bxd3 g4 33. fxg4 fxg4 34. hxg4 Rxg4 35. Re8 h3 36. Rxc8+ Ka7 37. g3 Qb2 38. Rxc7+ 1/2-1/2

[Event "CRO Cup"]
[Site "Mali Losinj"]
[Date "2018.05.18"]
[Round "4.83"]
[White "Huis, Dinko"]
[Black "Brumen, Dinko"]
[Result "0-1"]
[WhiteElo "2158"]
[BlackElo "2319"]
[PlyCount "78"]
[EventDate "2018.05.16"]
[EventType "team-swiss"]
[EventRounds "6"]
[EventCountry "CRO"]
[SourceTitle "CBM 184 Extra"]
[Source "ChessBase"]
[SourceDate "2018.06.28"]
[SourceVersion "1"]
[SourceVersionDate "2018.06.28"]
[SourceQuality "1"]
[WhiteTeam "Belisce"]
[BlackTeam "Zagreb Mladost"]
[WhiteTeamCountry "CRO"]
[BlackTeamCountry "CRO"]

1. d4 Nf6 2. c4 e6 3. Nc3 d5 4. Bg5 Nbd7 5. cxd5 exd5 6. e3 c6 7. Bd3 Be7 8. Nf3 Nf8 9. Qc2 Ng6 10. Nh4 0-0 11. Nf5 Bxf5 12. Bxf5 Re8 13. 0-0 Ne4 14. Bxe7 Qxe7 15. Nxe4 dxe4 16. Bxg6 hxg6 17. Rac1 Qh4 18. Qb3 Re7 19. f4 exf3 20. Rxf3 Rd8 21. Rcf1 Rd5 22. Rf4 Qg5 23. e4 Rxd4 24. Rxf7 Rxf7 25. Qxf7+ Kh7 26. Qf3 Rd2 27. Qh3+ Qh5 28. Qc3 Qg5 29. Qh3+ Qh6 30. Qc3 a5 31. Re1 Qg5 32. Qh3+ Qh5 33. Qc3 Rd1 34. e5 a4 35. b4 Rxe1+ 36. Qxe1 Kg8 37. h3 Kf7 38. b5 Qf5 39. bxc6 bxc6 0-1

[Event "SLO-chT 27th"]
[Site "Slovenia"]
[Date "2017.10.22"]
[Round "6.1"]
[White "Kozul, Zdenko"]
[Black "Brumen, Dinko"]
[Result "1-0"]
[WhiteElo "2596"]
[BlackElo "2338"]
[PlyCount "69"]
[EventDate "2017.09.29"]
[EventType "team-tourn"]
[EventRounds "9"]
[EventCountry "SLO"]
[SourceTitle "CBM 181 Extra"]
[Source "ChessBase"]
[SourceDate "2017.12.12"]
[SourceVersion "1"]
[SourceVersionDate "2017.12.12"]
[SourceQuality "1"]
[WhiteTeam "Maribor"]
[BlackTeam "Krsko Triglav"]
[WhiteTeamCountry "SLO"]
[BlackTeamCountry "SLO"]

1. Nf3 d5 2. g3 Nf6 3. Bg2 e6 4. 0-0 Be7 5. d3 c5 6. Nbd2 Nc6 7. e4 0-0 8. Re1 b5 9. e5 Nd7 10. Nf1 a5 11. h4 a4 12. a3 b4 13. Bg5 Qc7 14. Bxe7 Nxe7 15. axb4 cxb4 16. d4 f5 17. Ng5 Nb6 18. Nh3 Bd7 19. Qd2 Nc6 20. Ne3 a3 21. b3 Nc8 22. Nxd5 exd5 23. Bxd5+ Kh8 24. Bg2 Qb6 25. e6 Bxe6 26. Rxe6 Qxd4 27. Qe1 N8e7 28. Bxc6 Rac8 29. Bg2 Rxc2 30. Rd1 Qc3 31. Nf4 Ng6 32. Nd5 Qxb3 33. Nxb4 Rcc8 34. Rb1 Qc4 35. Bf1 1-0

[Event "CRO-chT1B 26th"]
[Site "Mali Losinj"]
[Date "2017.10.01"]
[Round "4.1"]
[White "Brumen, Dinko"]
[Black "Bobanac, Miro"]
[Result "0-1"]
[WhiteElo "2338"]
[BlackElo "2292"]
[PlyCount "128"]
[EventDate "2017.09.28"]
[EventType "team-tourn"]
[EventRounds "9"]
[EventCountry "CRO"]
[SourceTitle "EXT 2018"]
[Source "ChessBase"]
[SourceDate "2017.10.13"]
[SourceVersion "1"]
[SourceVersionDate "2017.10.13"]
[SourceQuality "1"]
[WhiteTeam "Zagreb Mladost"]
[BlackTeam "Split Mornar"]
[WhiteTeamCountry "CRO"]
[BlackTeamCountry "CRO"]

1. d4 Nf6 2. Nf3 e6 3. c4 b6 4. Nc3 Bb7 5. e3 Be7 6. Bd3 d5 7. 0-0 Nbd7 8. Qe2 0-0 9. Rd1 Ne4 10. Nd2 f5 11. f3 Nxc3 12. bxc3 Nf6 13. e4 Nh5 14. g3 dxe4 15. fxe4 g6 16. Nf3 Bf6 17. a4 a5 18. Rb1 Bc6 19. e5 Be7 20. Bc2 Qe8 21. Ra1 Rd8 22. Bh6 Ng7 23. Bb3 Bb7 24. h3 Qc6 25. d5 Bc5+ 26. Kh2 Qe8 27. Nd4 Bc8 28. Rd2 Bd7 29. Nb5 Rc8 30. Rad1 Qf7 31. Nd4 Rfe8 32. Nf3 Qe7 33. Bg5 Qf8 34. Bh6 Qe7 35. h4 Nh5 36. d6 cxd6 37. exd6 Qf6 38. Ne5 Rcd8 39. Bg5 Qg7 40. Bxd8 Rxd8 41. Re1 Re8 42. Qf3 Rb8 43. Bd1 Nf6 44. Qd3 Rd8 45. Qf3 Rb8 46. Bc2 h5 47. Qf4 Ng4+ 48. Nxg4 hxg4 49. Qg5 Re8 50. Rd3 Kf7 51. Bd1 Qf6 52. Qd2 g5 53. Qg2 gxh4 54. Qb7 Rd8 55. Rf1 Qg5 56. Qc7 Kg6 57. Kg2 hxg3 58. Kxg3 e5 59. Kg2 f4 60. Rh1 Qf5 61. Qxd8 Bc6+ 62. Rd5 Qe4+ 63. Kf1 Qxh1+ 64. Ke2 Qg2+ 0-1

[Event "CRO-chT1B 26th"]
[Site "Mali Losinj"]
[Date "2017.09.30"]
[Round "3.5"]
[White "Brumen, Dinko"]
[Black "Lasic, Vitomir"]
[Result "1-0"]
[WhiteElo "2338"]
[BlackElo "1952"]
[PlyCount "59"]
[EventDate "2017.09.28"]
[EventType "team-tourn"]
[EventRounds "9"]
[EventCountry "CRO"]
[SourceTitle "EXT 2018"]
[Source "ChessBase"]
[SourceDate "2017.10.13"]
[SourceVersion "1"]
[SourceVersionDate "2017.10.13"]
[SourceQuality "1"]
[WhiteTeam "Zagreb Mladost"]
[BlackTeam "Bibinje Goran"]
[WhiteTeamCountry "CRO"]
[BlackTeamCountry "CRO"]

1. d4 d5 2. Nf3 e6 3. c4 Nf6 4. Nc3 Bb4 5. Bd2 0-0 6. e3 b6 7. cxd5 exd5 8. Be2 Bg4 9. Ne5 Bxe2 10. Qxe2 Re8 11. 0-0 c5 12. Qf3 Bxc3 13. Bxc3 Nbd7 14. Nxd7 Qxd7 15. dxc5 Ne4 16. cxb6 Nxc3 17. bxc3 axb6 18. h3 Ra3 19. Rfd1 Rd8 20. Rd3 h6 21. Rad1 Qc7 22. e4 Rc8 23. exd5 Rxc3 24. d6 Rxd3 25. Qxd3 Qd7 26. Re1 Rd8 27. Re7 Qc6 28. Qf5 f6 29. Qe6+ Kh7 30. Qxf6 1-0

[Event "SLO-chT"]
[Site "Slovenia"]
[Date "2016.11.11"]
[Round "4.4"]
[White "Brumen, Dinko"]
[Black "Rajkovic, Dusan"]
[Result "0-1"]
[WhiteElo "2338"]
[BlackElo "2374"]
[PlyCount "56"]
[EventDate "2016.10.14"]
[EventType "team-tourn"]
[EventRounds "9"]
[EventCountry "SLO"]
[SourceTitle "CBM 175 Extra"]
[Source "ChessBase"]
[SourceDate "2016.12.12"]
[SourceVersion "1"]
[SourceVersionDate "2016.12.12"]
[SourceQuality "1"]
[WhiteTeam "Krsko Triglav"]
[BlackTeam "Ptuj"]
[WhiteTeamCountry "SLO"]
[BlackTeamCountry "SLO"]

1. d4 Nf6 2. Bg5 Ne4 3. Bf4 c5 4. f3 Qa5+ 5. c3 Nf6 6. Nd2 cxd4 7. Nb3 Qb6 8. Qxd4 Nc6 9. Qxb6 axb6 10. e4 d5 11. exd5 Nxd5 12. Bd2 e5 13. Bb5 Be6 14. Nc1 f6 15. Nge2 Kf7 16. 0-0 Bc5+ 17. Kh1 Rhd8 18. b4 Ne3 19. Bxe3 Bxe3 20. h4 Rd2 21. a4 Rad8 22. a5 Na7 23. c4 Nxb5 24. cxb5 Bc4 25. Re1 Rd1 26. Na2 Rxa1 27. Rxa1 Bxe2 28. Nc3 Bd4 0-1

[Event "CRO-chT1A 25th"]
[Site "Sibenik"]
[Date "2016.10.10"]
[Round "3.1"]
[White "Brumen, Dinko"]
[Black "Jovanic, Ognjen"]
[Result "1-0"]
[WhiteElo "2338"]
[BlackElo "2473"]
[PlyCount "75"]
[EventDate "2016.10.08"]
[EventType "team-tourn"]
[EventRounds "9"]
[EventCountry "CRO"]
[SourceTitle "EXT 2017"]
[Source "ChessBase"]
[SourceDate "2016.10.25"]
[SourceVersion "1"]
[SourceVersionDate "2016.10.25"]
[SourceQuality "1"]
[WhiteTeam "Zagreb Mladost"]
[BlackTeam "Rijeka Liburnija"]
[WhiteTeamCountry "CRO"]
[BlackTeamCountry "CRO"]

1. d4 d5 2. c4 c6 3. Nf3 Nf6 4. Nc3 a6 5. c5 Bf5 6. Qb3 Qc8 7. Bf4 Nbd7 8. h3 e6 9. e3 Be7 10. Be2 h6 11. 0-0 0-0 12. Rfd1 Re8 13. Bd3 Bxd3 14. Rxd3 Bd8 15. Qc2 Bc7 16. b4 Ne4 17. Rdd1 f5 18. Ne5 Nxe5 19. dxe5 Qb8 20. f3 Nxc3 21. Qxc3 a5 22. a3 Ra6 23. Kh1 axb4 24. axb4 Qa7 25. g4 Rf8 26. Rg1 fxg4 27. Raf1 Ra3 28. Qc2 Qa8 29. Qg6 Qe8 30. Qxg4 Qf7 31. Rg2 Kh7 32. Rfg1 g5 33. Bxg5 Qxf3 34. Qh4 h5 35. Bf4 Bd8 36. Qg3 Qxg3 37. Rxg3 Rf7 38. Rg6 1-0